00683 2200133 4500245005700000100001400057005001900071260002500090041001400115084000800129300002100137500038200158336000900540 aantalogi cerpen b : Pelangi TintacDandelionhText aDandelion a20250131091110 aJakartabUWAISc2024 aIndonesia a081 a70 hlm. :c22 cm aDunia menulis bukanlah hal yang mudah tetapi telah belajar bahwa kerja keras ketekunan dan keberanian untuk melawan rintangan adalah kunci untuk mencapai tujuan lingkungan mungkin tidak selalu mendukung tetapi ia percaya bahwa mimpinya layak diperjuangkan dengan pena di tangan dan semangat di hati ia siap melangkah lebih jauh menuju cita citanya sebagai seorang penulis hebat atext